El sitio de Berlín (Record no. 169842)
[ view plain ]
| 000 -LEADER | |
|---|---|
| campo de control de longitud fija | 01056nam a2200265 i 4500 |
| 001 - NÚMERO DE CONTROL | |
| campo de control | 169842 |
| 003 - IDENTIFICADOR DE NÚMERO DE CONTROL | |
| campo de control | ES-MaACL |
| 005 - FECHA Y HORA DE LA ÚLTIMA TRANSACCIÓN | |
| campo de control | 20250917063058.0 |
| 008 - DATOS DE LONGITUD FIJA--INFORMACIÓN GENERAL | |
| campo de control de longitud fija | 081204s1962 sp |||| | spa d |
| 080 ## - NÚMERO DE LA CLASIFICACIÓN DECIMAL UNIVERSAL | |
| Número de la Clasificación Decimal Universal | 811.133.1(076) |
| 100 1# - ENTRADA PRINCIPAL--NOMBRE DE PERSONA | |
| Nombre de persona | Daudet, Alphonse, |
| Fechas asociadas al nombre | 1840-1897 |
| 9 (RLIN) | 42799 |
| 245 13 - MENCIÓN DEL TÍTULO | |
| Título | El sitio de Berlín |
| Resto del título | = (La siège de Berlin) / |
| Mención de responsabilidad, etc. | Alphonse Daudet ; traducido y anotado por Lilianne Velu. |
| 260 ## - PUBLICACIÓN, DISTRIBUCIÓN, ETC. | |
| Lugar de publicación, distribución, etc. | Madrid : |
| Nombre del editor, distribuidor, etc. | Suarro, [J.L. Suárez Rodríguez, |
| Fecha de publicación, distribución, etc. | 1962] |
| 300 ## - DESCRIPCIÓN FÍSICA | |
| Extensión | 32 p. ; |
| Dimensiones | 17 cm. |
| 490 1# - MENCIÓN DE SERIE | |
| Mención de serie | Biblioteca didáctica bilingüe. |
| -- | Serie A, Francés ; |
| Designación de volumen o secuencia | 3 |
| 546 ## - NOTA DE IDIOMA | |
| Nota de lengua/lenguaje | Texto en español y francés. |
| 598 ## - NOTA LOCAL | |
| Nota local | Biblioteca didáctica bilingüe / dir. y ed., José Luis Suárez Rodríguez. |
| 650 14 - PUNTO DE ACCESO ADICIONAL DE MATERIA--TÉRMINO DE MATERIA | |
| Término de materia o nombre geográfico como elemento de entrada | Lengua francesa- |
| Subdivisión de forma | Lecturas. |
| 9 (RLIN) | 139019 |
| 700 1# - ENTRADA AGREGADA--NOMBRE PERSONAL | |
| Nombre de persona | Velu, Lilianne. |
| 9 (RLIN) | 139017 |
| 700 1# - ENTRADA AGREGADA--NOMBRE PERSONAL | |
| Nombre de persona | Suárez Rodríguez, José Luis, |
| Fechas asociadas al nombre | 1931-2020 |
| 9 (RLIN) | 108655 |
| 740 32 - ENTRADA AGREGADA--TÍTULO RELACIONADO/ANALÍTICO NO CONTROLADO | |
| Título relacionado o analítico no controlado | La siège de Berlin. |
| 830 0# - PUNTO DE ACCESO ADICIONAL DE SERIE-TÍTULO UNIFORME | |
| Título uniforme | Biblioteca didáctica bilingüe. |
| -- | Serie A, Francés ; |
| Designación de volumen o secuencia | 3 |
| 9 (RLIN) | 188899 |
| 852 ## - LOCALIZACIÓN | |
| Ubicación | ES-MaACL |
| Número de control de estantería | 2239-F-26 |
| Estatus retirado | Estado de pérdida | Estado de daño | No para préstamo | Colección | Biblioteca de origen | Biblioteca actual | Ubicación en estantería | Fecha de adquisición | Fuente de adquisición | Total de préstamos | Signatura topográfica completa | Código de barras | Visto por última vez | Precio de reemplazo | Tipo de ítem Koha |
|---|---|---|---|---|---|---|---|---|---|---|---|---|---|---|---|
| Colección de folletos | Biblioteca del Ateneo de Madrid | Biblioteca del Ateneo de Madrid | Depósito folletos | 04/12/2008 | 2239-F-26 | 1178313 | 23/02/2023 | 23/02/2023 | Folleto |
